El sacrificio de Federico García Lorca en la guerra civil española / (Record no. 182338)
[ view plain ]
| 000 -LEADER | |
|---|---|
| campo de control de longitud fija | 00721nam a2200181 i 4500 |
| 001 - NÚMERO DE CONTROL | |
| campo de control | 182338 |
| 003 - IDENTIFICADOR DE NÚMERO DE CONTROL | |
| campo de control | ES-MaACL |
| 005 - FECHA Y HORA DE LA ÚLTIMA TRANSACCIÓN | |
| campo de control | 20230906221602.0 |
| 008 - DATOS DE LONGITUD FIJA--INFORMACIÓN GENERAL | |
| campo de control de longitud fija | 130805s1989 pr |||| | spa d |
| 100 0# - ENTRADA PRINCIPAL--NOMBRE DE PERSONA | |
| Nombre de persona | Cambre Mariño, Jesús. |
| 9 (RLIN) | 34043 |
| 245 13 - MENCIÓN DEL TÍTULO | |
| Título | El sacrificio de Federico García Lorca en la guerra civil española / |
| Mención de responsabilidad, etc. | por Jesús Cambre Mariño. |
| 260 ## - PUBLICACIÓN, DISTRIBUCIÓN, ETC. | |
| Lugar de publicación, distribución, etc. | [S.l. : |
| Nombre del editor, distribuidor, etc. | s.n., |
| Fecha de publicación, distribución, etc. | 1989] |
| 300 ## - DESCRIPCIÓN FÍSICA | |
| Extensión | [P. 153]-163 ; |
| Dimensiones | 22 cm. |
| 595 ## - | |
| -- | Separata de: Cuadernos Americanos, nueva época nº 15, Año III, vol. 3 (mayo junio 1989) |
| 600 14 - PUNTO DE ACCESO ADICIONAL DE MATERIA--NOMBRE DE PERSONA | |
| Nombre de persona | García Lorca, Federico, |
| Fechas asociadas al nombre | 1898-1936 |
| 9 (RLIN) | 54853 |
| 852 ## - LOCALIZACIÓN | |
| Ubicación | ES-MaACL |
| Número de control de estantería | 2317-F-40 |
| condición física | .- Ejemp. fotocopiado |
| Nota libre | .- Dedicatoria manuscrita del autor |
| Estatus retirado | Estado de pérdida | Estado de daño | No para préstamo | Colección | Biblioteca de origen | Biblioteca actual | Ubicación en estantería | Fecha de adquisición | Fuente de adquisición | Total de préstamos | Signatura topográfica completa | Código de barras | Visto por última vez | Precio de reemplazo | Tipo de ítem Koha |
|---|---|---|---|---|---|---|---|---|---|---|---|---|---|---|---|
| Colección de folletos | Biblioteca del Ateneo de Madrid | Biblioteca del Ateneo de Madrid | Depósito folletos | 05/08/2013 | 2317-F-40 | 1191616 | 23/02/2023 | 23/02/2023 | Folleto |
